Piatti d'Europa - Morte Improvvisa - Statistics

Statistiche generali
  • Questo quiz è stato fatto 296 volte
  • Il punteggio medio è 6 su 16
Answers on the Grid
Answers color-coded by a green-red scale on the quiz's grid according to % correct below.
Cassoulet
Bifana
Pavlova
Ndolé
Tajine
Paella
Lasagne alla bolognese
Gulasch
Boršč
Lakror
Quesadilla
Brown stew chicken
Insalata greca
Bryndzové halušky
Fondue
Dim sum
Pajeon
Bruschetta
Moules-frites
Hot chicken
Potjiekos
Menudo
Tourtière
Fårikål
Filetto in crosta
Tartiflette
Cotoletta alla milanese
Mocotó
 
Statistiche sulle risposte
Risposta % Corretto
Paella
70%
Lasagne alla bolognese
64%
Cotoletta alla milanese
63%
Insalata greca
62%
Gulasch
61%
Bruschetta
59%
Fondue
48%
Filetto in crosta
43%
Boršč
21%
Cassoulet
20%
Moules-frites
20%
Tartiflette
14%
Bryndzové halušky
13%
Fårikål
12%
Bifana
3%
Lakror
1%
Nessun quiz corrispondente trovato
Distribuzione punteggi
Percentuale di utenti per punteggio
Percentile per numero di risposta
I tuoi punteggi nel tempo
Non hai fatto questo quiz